Ίμβρος - Τένεδος : της μνήμης και της λήθης

Αποθηκεύτηκε σε:
Λεπτομέρειες βιβλιογραφικής εγγραφής
Κύριος συγγραφέας: Κατσιγιάννης, Ανδρέας
Συγγραφή απο Οργανισμό/Αρχή: Ελληνικό Ίδρυμα Ιστορικών Μελετών
Άλλοι συγγραφείς: Νταλάρας, Γιώργος (Τραγουδιστής), Livaneli, Zulfu, 1946- (Τραγουδιστής)
Μορφή: Ηχητικό
Γλώσσα:Greek
Δημοσίευση: Αθήνα : Ελληνικό Ίδρυμα Ιστορικών Μελετών, 2012.
Θέματα:
Ετικέτες: Προσθήκη ετικέτας
Δεν υπάρχουν, Καταχωρήστε ετικέτα πρώτοι!

MARC

LEADER 00000cjm a2200000 a 4500
001 1/114046
008 170522s2012####gr |||||| ||||| gre||
028 0 2 |a ΙΜ 201210 1 0609613831843  |b Ελληνικό Ίδρυμα Ιστορικών Μελετών (ΙΔ.ΙΣ.ΜΕ.) 
040 |a GR-MyUa  |b gre  |c GR-MyUa  |e AACR2 
041 0 |a gre  |e gre  |e eng 
082 7 |a 956.2   |2 (23) 
100 1 |a Κατσιγιάννης, Ανδρέας. 
245 1 0 |a Ίμβρος - Τένεδος :   |h [ηχογράφηση] :   |b της μνήμης και της λήθης /   |c μουσική: Κατσιγιάννης Ανδρέας και τραγούδι Γιώργος Νταλάρας, Zulfu Livaneli.  
246 1 |i Παράλληλος τίτλος:   |a Imvros & Tenedos :   |b a tale of memories.  
260 |a Αθήνα :   |b Ελληνικό Ίδρυμα Ιστορικών Μελετών,   |c 2012. 
300 |a 1 δίσκος CD (43 λεπτ., 5 δευτ.) :   |b ψηφιακός, στέρεο ;   |c 4 3/4 ίν.  
500 |a Το βιβλιαράκι είναι γραμμένο στην ελληνική και μεταφρασμένο στην αγγλική γλώσσα. Περιέχει τους τίτλους των τραγουδιών, δύο ποιήματα του Κωνσταντινουπολίτη ποιητή Δημ. Κ. Παπακωνσταντίνου, τους συντελεστές και τους χορηγούς.  
500 |a Ελληνικό Ίδρυμα Ιστορικών Μελετών (ΙΔ.ΙΣ.ΜΕ.) = Hellenic History Foundation.  
505 8 |a 01. Εκ βαθέων = Ek vathewn, 02. Εξορία = Exoria, 03. Πουνέντες = Pounentes, 04. Τένεδος = Tenedos, 05. Ίμβρος = Ιmvros, 06. Πανηγύρι = Paniyiri, 07. Ψίθυροι = Psithiroi, 08. Σχοινούδι = Shoinoudi, 09. Αρασιά = Arassia bonus tracks 10. Εκ βαθέων = Ek vathewn, 11. Εξορία = Exoria.  
508 |a Ενορχήστρωση: Γ. Νταλάρας - Α.Κατσιγιάννης ; Ηχοληψία : Νιόβη Παπαγιωτάτου ; Μίξη : Ηλίας Σακκάς.  
511 0 |a Διάφοροι μουσικοί.  
650 0 |a Greeks  |x Music. 
511 0 |a Διάφοροι μουσικοί.  
651 0 |a Imroz Island (Turkey)  |x History  |y 1910-1930. 
651 0 |a Bozca Island (Turkey)  |x History  |y 1910-1930. 
700 1 |a Νταλάρας, Γιώργος,  |e sng 
700 1 |a Livaneli, Zulfu,   |d 1946-  |e sng 
710 2 |a Ελληνικό Ίδρυμα Ιστορικών Μελετών. 
852 |a INST  |b RHODES  |c AV  |e 20170522  |h 956.2 ΚΑΤ  |p 005400039274  |q 005400039274  |t CD  |y 23 
852 |a INST  |b RHODES  |c AV  |e 20190701  |h 956.2 ΚΑΤ   |p 005400025336  |q 005400025336  |t CD  |y 23 
970 |a Κωτάκου  |b Μαρία  |z 22-05-2017